00700 2200253 4500001002100000005001700021008004100038035002400079082001000103090002000113100001600133245012200149250001100271260002800282300001800310650002700328700001000355850001500365980001500380985000600395999001500401999001500416999001500431YOGYA-0209000003558120090227025027.0 ind  0010-020900000035581 a158.2 a158.2bHut JlT aHutauruk, M aJauh lebih indah dunia dan hidup inibbila dihadapi dari pada dielakkan beberapa pokok..cM. Hutauruk ; editor, Ulfah aCet. 1 aJakartabErlanggac1990 a78 hlmc21 cm aHubungan antar manusia aUlfah aYOPDYOG(B) a03-10-2006 a3 a93P0042736 a93P0042737 a95P0058280